| 000 | 00545nam a22001937a 4500 | ||
|---|---|---|---|
| 999 |
_c167202 _d167202 |
||
| 005 | 20220216102608.0 | ||
| 010 | _aENG-126293 | ||
| 020 |
_c220.00 _a978-81-9394440-0-0 |
||
| 035 | _aEN-109825 | ||
| 037 | _bDBAD/PUB | ||
| 082 | _aN | ||
| 100 | _aAnand,Jitendra | ||
| 245 |
_aNoida Express/ _cby Jitendra Anand |
||
| 260 |
_aU.P. _bJitendra Anand Infratech Private Limited _c2018 |
||
| 270 |
_bNoida _a2203.Express Trade Towers-2, Sector-132, _e201304 |
||
| 300 |
_a142p. _c22cm(pbk) |
||
| 650 | _aENGLISH NOVEL | ||
| 942 |
_2ddc _cEN _hN _mANA |
||